PAKISTAN IN PUNJABI LITERATURE (Record no. 574780)

000 -LEADER
fixed length control field 00296nam a22001217a 4500
020 ## - INTERNATIONAL STANDARD BOOK NUMBER
International Standard Book Number 969-8162-02-X
082 ## - DEWEY DECIMAL CLASSIFICATION NUMBER
Classification number 891.4211 JAV'P
100 ## - MAIN ENTRY--PERSONAL NAME
Personal name JAVEID, INAMUL HAQ
9 (RLIN) 66917
245 ## - TITLE STATEMENT
Title PAKISTAN IN PUNJABI LITERATURE
260 ## - PUBLICATION, DISTRIBUTION, ETC.
Place of publication, distribution, etc. ISLAMABAD
Name of publisher, distributor, etc. MAKABA-I-FANOOS
Date of publication, distribution, etc. 1993
300 ## - PHYSICAL DESCRIPTION
Extent 120P
942 ## - ADDED ENTRY ELEMENTS (KOHA)
Koha item type Book
Holdings
Withdrawn status Lost status Source of classification or shelving scheme Damaged status Not for loan Permanent Location Current Location Shelving location Date acquired Shelving control number Full call number Barcode Date last seen Price effective from Koha item type Public note
          College of Electrical & Mechanical Engineering (CEME) College of Electrical & Mechanical Engineering (CEME) Fiction 07/31/2017 Urdu Literature 891.4211 JAV'P CEME-27502 06/28/2021 06/28/2021 Book 1.0
© 2023 Central Library, National University of Sciences and Technology. All Rights Reserved.